| 000 | 00353nam a2200145Ia 4500 | ||
|---|---|---|---|
| 008 | 230917s9999||||xx |||||||||||||| ||und|| | ||
| 040 |
_e46945 _aMAIN |
||
| 041 | _aEnglish | ||
| 082 | _a822.33 S15H:S | ||
| 100 | _aHunter, GK | ||
| 245 | 0 | _aShakespeare Henry iv parts i and ii | |
| 260 |
_aLondon _bMacmillan _c1977 |
||
| 300 | _a250 p. | ||
| 942 | _cBK | ||
| 999 |
_c180126 _d180126 |
||